| 000 | 00619nam a2200205 a 4500 | ||
|---|---|---|---|
| 999 |
_c2460 _d2460 |
||
| 001 | 2460 | ||
| 003 | BD-JhCC | ||
| 005 | 20171102185347.0 | ||
| 008 | 171102s1979 bg ||||| |||| 00| 0 ben d | ||
| 035 | _a(BD-JhCC) | ||
| 040 |
_aBD-JhCC _dBD-JhCC |
||
| 041 | _aben | ||
| 082 |
_a891.4435 _bDAT 1979 |
||
| 100 | _aদত্ত, রমেন | ||
| 245 |
_aশ্বেতপদ্মের রূপ / _cরমেন দত্ত |
||
| 260 |
_aঢাকা : _bমুক্তধারা ; _c১৯৭৯ |
||
| 300 |
_a১২৩ পৃ. ; _c২০ সেমি |
||
| 650 | _aCollection of short stories | ||
| 942 |
_2ddc _cBK |
||